00445nam a2200145Ia 4500008004100000100003000041245006300071245003000134260005900164260000900223300000800232650001800240650001500258856002600273170221s9999 xx 000 0 und d aOlubunmi Philip Aborisade aNon-traditional Skills and Tactics and Modern Technology  cOlubunmi Philip Aborisade bOnline Journal of Communication and Media Technologies c2016 a6 : xCommunication xMedia Arts uhttp://www.ojcmt.net/